MARC

LEADER 00000nam0a2200000 4500
001 164132
005 20231101222439.0
035 |a (RuTPU)RU\TPU\book\178079 
090 |a 164132 
100 |a 20090901d1965 k y0rusy50 ca 
101 1 |a rus  |c eng 
102 |a RU 
105 |a a z 001zy 
200 1 |a Кристаллизация  |e пер. с англ.  |f Дж. У. Маллин 
210 |a Москва  |c Металлургия  |d 1965 
215 |a 343 с.  |c ил. 
320 |a Библиогр. в конце гл. 
606 1 |a Кристаллизация  |x (кристаллография)  |2 stltpush  |3 (RuTPU)RU\TPU\subj\79323  |9 87913 
610 1 |a кристаллы 
610 1 |a растворы 
610 1 |a растворимость 
610 1 |a физические свойства 
610 1 |a термические свойства 
610 1 |a фазовое равновесие 
610 1 |a перекристаллизация 
610 1 |a оборудование 
610 1 |a сортировка 
675 |a 548.5  |v 3 
700 1 |a Маллин  |b Дж. У. 
801 1 |a RU  |b 63413507  |c 20090901 
801 2 |a RU  |b 63413507  |c 20200820  |g RCR 
942 |c BK